000 01640nam a22001577a 4500
999 _c26682
_d26682
020 _a9780367276416
082 _a142
_bDEL-C
100 _aDelanty, Gerard
245 _aCritical Thoery and Social Transformation
_b: Crisis of the Present and Future Possibilities
260 _aNew York
_bRoutledge Taylor & Francis Group London and New York
_c2020
300 _avi,251p.
500 _aInclude index
520 _aCritical Theory and Social Transformation provides an exploration of the major themes in the critical social theory of recent years. Delanty argues that a critical theory perspective can offer much-needed insights into the pressing socio-political challenges of our time. In this volume, he advances the need to reconnect social theory and social research and to return to the foundational concerns of critical social theory. Delanty engages with the key topics facing critical social theorists: capitalism, cosmopolitanism, modernity, the Anthropocene, and legacies of history. The connecting thread is that the topics are all contemporary challenges for critical theory and relate to major social transformations. The notions of critique, crisis, and social transformation are central to the book. Critical Theory and Social Transformation will be of interest to the broad readership in social and political theory. It will appeal to those working in sociology, political sociology, politics, and international studies and to anyone with an interest in any of the chapter-specific topics, such as public space, memory, and neo-authoritarianism.
650 _aCritical theory
_vSocial sciences
_vPhilosophy
942 _2ddc
_cBK